Opere di F. Paolo Sarpi Servita (Record no. 7925)

MARC details
000 -CABECERA
campo de control de longitud fija 01431nam a2200337 a 4500
001 - NÚMERO DE CONTROL
campo de control BRCA_8257
005 - FECHA Y HORA DE LA ÚLTIMA TRANSACCIÓN
campo de control 20190320210211.0
008 - DATOS DE LONGITUD FIJA--INFORMACIÓN GENERAL
campo de control de longitud fija 300514s1761----gw-a###f##---#001-0#ita-#
041 ## - CÓDIGO DE LENGUA
Código de lengua del texto/banda sonora o título independiente ita
044 ## - CÓDIGO DEL PAÍS DE LA ENTIDAD EDITORA/PRODUCTORA
Código MARC del país gw
050 #4 - SIGNATURA TOPOGRÁFICA DE LA BIBLIOTECA DEL CONGRESO
Número de clasificación DG678.31
Número de documento/Ítem .S2 1761
100 1# - ENTRADA PRINCIPAL--NOMBRE DE PERSONA
Nombre de persona Sarpi, Paolo
Fechas asociadas al nombre 1552-1623
9 (RLIN) 20612
245 10 - MENCIÓN DE TÍTULO
Título Opere di F. Paolo Sarpi Servita
Resto del título teologo e consultore della Serenissima Republica di Venezia
Mención de responsabilidad, etc. Paolo Sarpi.
260 ## - PUBLICACIÓN, DISTRIBUCIÓN, ETC.
Lugar de publicación, distribución, etc. Helmstat, Alemania
Nombre del editor, distribuidor, etc. Jacopo Mulleri
Fecha de publicación, distribución, etc. 1761
300 ## - DESCRIPCIÓN FÍSICA
Extensión T. I y TII; viii, 443 p.
Otras características físicas il. 13 láminas
Dimensiones 29 cm.
500 ## - NOTA GENERAL
Nota general El ejemplar contiene 13 grabados en acero
500 ## - NOTA GENERAL
Nota general Fondo antiguo
500 ## - NOTA GENERAL
Nota general Ejemplar se encuentra en caja fuerte
500 ## - NOTA GENERAL
Nota general T-29
500 ## - NOTA GENERAL
Nota general Incluye índice
500 ## - NOTA GENERAL
Nota general Incluye sumario del libro primo, secondo, terzo, quarto, quinto, sesto, settimo, ottavo
500 ## - NOTA GENERAL
Nota general Incluye apéndice
500 ## - NOTA GENERAL
Nota general Con Ex-libris de: Franz Mayer
505 0# - NOTA DE CONTENIDO CON FORMATO
Nota de contenido con formato Tomo primo: che contiene le memorie spettanti alla vita, ed i primi cuattro libri della storia del Concilio Tridentino. Tomo secondo: che gli ultimi quatro libro de´ll historia del Concilio Tridentino, año 1763
506 0# - NOTA DE RESTRICCIONES AL ACCESO
Limitaciones de acceso Fondo reservado: para su consulta es necesario credencial de usuario y carta de motivos
650 14 - PUNTO DE ACCESO ADICIONAL DE MATERIA--TÉRMINO DE MATERIA
Término de materia o nombre geográfico como elemento de entrada Inquisición
Subdivisión geográfica Italia
9 (RLIN) 20613
651 #4 - PUNTO DE ACCESO ADICIONAL DE MATERIA--NOMBRE GEOGRÁFICO
Nombre geográfico Venecia, Italia
Subdivisión general Concilio Tridentino
9 (RLIN) 20614
651 #4 - PUNTO DE ACCESO ADICIONAL DE MATERIA--NOMBRE GEOGRÁFICO
Nombre geográfico Venecia, Italia
Subdivisión general Historia
9 (RLIN) 16297
902 ## - CATALOGADOR
Iniciales LAR
942 ## - ELEMENTOS DE PUNTO DE ACCESO ADICIONAL (KOHA)
Fuente del sistema de clasificación o colocación Library of Congress Classification
Tipo de ítem Koha Libros
Holdings
Estado de retiro Estado de pérdida Estado dañado No para préstamo Localización permanente Ubicación/localización actual Fecha de adquisición Número de inventario Total de préstamos Signatura topográfica completa Código de barras Fecha visto por última vez Precio válido a partir de Tipo de ítem Koha Código de colección
El ejemplar forma parte de la colección y puede ser consultado según las políticas vigentes.       Biblioteca del Museo Franz Mayer (Rogerio Casas-Alatriste) Biblioteca del Museo Franz Mayer (Rogerio Casas-Alatriste) 30/05/2014 T-29   DG678.31 .S2 1761 (T-29) LAR00017 22/03/2019 22/03/2019 Libros  
El ejemplar forma parte de la colección y puede ser consultado según las políticas vigentes.       Biblioteca del Museo Franz Mayer (Rogerio Casas-Alatriste) Biblioteca del Museo Franz Mayer (Rogerio Casas-Alatriste) 21/12/2016 T-29   DG678.31 .S2 1761 (T-29) LAR00018 22/03/2019 22/03/2019 Libros Libros Antiguos y Raros